000 00842nam a2200193Ia 4500
999 _c40338
_d40338
001 6946
003 GE_BSU
005 20191025111138.0
008 181216s2012||||ge |||||||||||||| ||geo||
040 _cGE_BSU
041 _ageo
080 _a811.353.1+376.2 ქ-27
245 _aქართული ჟესტური ენა :
_bტრენინგის სახელმძღვ. მეორე საფეხური გზამკვლევი ტრენერისათვის /
_cრედ. თამარ ხასია.
264 _aთბილისი :
_bპეტიტი ;
_c2012.
300 _a54 გვ. :
_bCD ;
_c30 სმ.
653 _aქართული ჟესტური ენა
700 _aხასია, თამარ
_eრედაქტორი
_95019
942 _cBK
_2udc